Country Wordfinder #2 - Statistics

General Stats
  • This quiz has been taken 27 times
  • The average score is 9 of 13
Answer Stats
Answer % Correct
UNITED STATES
92%
MALAYSIA
88%
JAPAN
83%
CHILE
79%
SERBIA
75%
BRAZIL
71%
COMOROS
71%
LATVIA
71%
HUNGARY
63%
MALI
50%
NEPAL
46%
IRAN
33%
GERMANY
29%
No matching quizzes found
Score Distribution
Percent of People with Each Score
Percentile by Number Answered
Your Score History
You have not taken this quiz